<?xml version="1.0" encoding="UTF-8"?>
<record
    xmlns:xsi="http://www.w3.org/2001/XMLSchema-instance"
    xsi:schemaLocation="http://www.loc.gov/MARC21/slim http://www.loc.gov/standards/marcxml/schema/MARC21slim.xsd"
    xmlns="http://www.loc.gov/MARC21/slim">

  <leader>00682nam a22002057a 4500</leader>
  <controlfield tag="005">20250402104959.0</controlfield>
  <controlfield tag="008">250402b        |||||||| |||| 00| 0 eng d</controlfield>
  <datafield tag="020" ind1=" " ind2=" ">
    <subfield code="a">9789353943844</subfield>
  </datafield>
  <datafield tag="040" ind1=" " ind2=" ">
    <subfield code="c">AIMIT LIBRARY</subfield>
  </datafield>
  <datafield tag="082" ind1=" " ind2=" ">
    <subfield code="2">5</subfield>
    <subfield code="a">382.1</subfield>
    <subfield code="b">FENG</subfield>
  </datafield>
  <datafield tag="100" ind1=" " ind2=" ">
    <subfield code="a">Fenich , George G.</subfield>
    <subfield code="9">207288</subfield>
  </datafield>
  <datafield tag="245" ind1=" " ind2=" ">
    <subfield code="a">Meetings expositions events and conventions :</subfield>
    <subfield code="b">introduction to the industry /</subfield>
    <subfield code="c">By George G Fenich .</subfield>
  </datafield>
  <datafield tag="250" ind1=" " ind2=" ">
    <subfield code="a">5th ed.</subfield>
  </datafield>
  <datafield tag="260" ind1=" " ind2=" ">
    <subfield code="a">Chennai :</subfield>
    <subfield code="b">Pearson ,</subfield>
    <subfield code="c">2020.</subfield>
  </datafield>
  <datafield tag="300" ind1=" " ind2=" ">
    <subfield code="a">xx,352p. ;</subfield>
    <subfield code="b">PB</subfield>
    <subfield code="c">25.8 cm</subfield>
  </datafield>
  <datafield tag="650" ind1=" " ind2=" ">
    <subfield code="a">Exhibitions and trade shows</subfield>
    <subfield code="9">207289</subfield>
  </datafield>
  <datafield tag="650" ind1=" " ind2=" ">
    <subfield code="a">Special events management</subfield>
    <subfield code="9">207290</subfield>
  </datafield>
  <datafield tag="650" ind1=" " ind2=" ">
    <subfield code="a">Service contracts</subfield>
    <subfield code="9">207291</subfield>
  </datafield>
  <datafield tag="942" ind1=" " ind2=" ">
    <subfield code="2">ddc</subfield>
    <subfield code="c">BK</subfield>
    <subfield code="e">5th</subfield>
    <subfield code="k">382.1 FENG</subfield>
  </datafield>
  <datafield tag="999" ind1=" " ind2=" ">
    <subfield code="c">234071</subfield>
    <subfield code="d">234071</subfield>
  </datafield>
  <datafield tag="952" ind1=" " ind2=" ">
    <subfield code="0">0</subfield>
    <subfield code="1">0</subfield>
    <subfield code="2">ddc</subfield>
    <subfield code="4">0</subfield>
    <subfield code="7">0</subfield>
    <subfield code="8">MBA</subfield>
    <subfield code="a">AIMIT</subfield>
    <subfield code="b">AIMIT</subfield>
    <subfield code="d">2025-04-11</subfield>
    <subfield code="e">Biblios Book Point</subfield>
    <subfield code="g">595.00</subfield>
    <subfield code="i">Bill:No:7073;2025/2/28</subfield>
    <subfield code="l">0</subfield>
    <subfield code="o">382.1 FENG</subfield>
    <subfield code="p">MBA14823</subfield>
    <subfield code="r">2026-05-23 00:00:00</subfield>
    <subfield code="v">476.00</subfield>
    <subfield code="w">2025-04-02</subfield>
    <subfield code="y">BK</subfield>
  </datafield>
</record>
